00969nac a22002171u 4500010001600000020002800016082002100044090001500065100003400080245012700114260005300241300003400294504005100328650002800379700002100407856008800428856007400516942002300590999001500613952012300628 a 00028962 a047149027X (alk. paper)00a621.38411bL3997 c3985d3985 aLavergnat, Jacques. 10aRadio wave propagation :bprinciples and techniques /cJacques Lavergnat, Michel Sylvain ; translated by John C.C. Nelson. aChichester ;aNew York :bJohn Wiley,2000c2000. axii, 292 p. :bill. ;c24 cm. aIncludes bibliographical references and index. 0aRadio wave propagation.1 aSylvain, Michel.423Publisher descriptionuhttp://www.loc.gov/catdir/description/wiley035/00028962.html423Table of Contentsuhttp://www.loc.gov/catdir/toc/onix07/00028962.html cBBk621.38411L3997 c3985d3985 00104070aMAINbMAINc1STd2014-08-07ePurchasel1m1o621.38411 LAVp000005077r2025-07-15 00:00:00s2016-10-29yBB